000 00417nam a22001577a 4500
999 _c5316
_d5316
003 GBCCL
005 20241126110538.0
008 180313b ||||| |||| 00| 0 eng d
040 _cgbc
082 _a616.9792
_bKNO
245 _aKnow About Drug Addiction and its Consequences
260 _aLamka:
_bGilead's Balm Care Centre,
_c2006
300 _a50 p.;
_c20 cm.
650 _aDrug Addicts
_99592
942 _2ddc
_cBK
_010